UBT Library

Productivity power : (Record no. 43717)

000 -LEADER
fixed length control field 00567cam a22002055a 4500
001 - CONTROL NUMBER
control field 73819
005 - DATE AND TIME OF LATEST TRANSACTION
control field 20180228083820.0
008 - FIXED-LENGTH DATA ELEMENTS--GENERAL INFORMATION
fixed length control field 960206s1996 ksu 000 0 eng
010 ## - LIBRARY OF CONGRESS CONTROL NUMBER
LC control number 95071714
020 ## - INTERNATIONAL STANDARD BOOK NUMBER
International Standard Book Number 1878542311 (pbk.)
040 ## - CATALOGING SOURCE
Original cataloging agency DLC
Transcribing agency DLC
041 ## - LANGUAGE CODE
Language code of text/sound track or separate title eng
080 ## - UNIVERSAL DECIMAL CLASSIFICATION NUMBER
Universal Decimal Classification number 370 JIM
100 1# - Rafti
Rafti 25
101 ## - Shkurtesa
Shkurtesa EDU
245 10 - TITLE STATEMENT
Title Productivity power :
Statement of responsibility, etc Jim Temme.
906 ## - LOCAL DATA ELEMENT F, LDF (RLIN)
a 0
b ibc
c orignew
d 2
e opcn
f 19
g y-gencatlg
942 ## - ADDED ENTRY ELEMENTS (KOHA)
Source of classification or shelving scheme
Item type Books
Holdings
Withdrawn status Lost status Source of classification or shelving scheme Damaged status Not for loan Collection code Permanent location Current location Shelving location Date acquired Total Checkouts Full call number Barcode Date last seen Price effective from Koha item type
          Koleksioni i përgjithshem UBT - Lipjan UBT - Lipjan Koleksioni i përgjithshem 02/28/2018   370 JIM 002-3000198 02/28/2018 02/28/2018 Books
UBT Library © 2015-2024. All rights reserved University Education for Business and Technology